| 000 | 00871nam a2200217Ia 4500 | ||
|---|---|---|---|
| 003 | OSt | ||
| 005 | 20250711154646.0 | ||
| 008 | 191128t2003 ck br 000 f spa d | ||
| 020 | _a8408047566 | ||
| 040 |
_aCO-JMCR _cCO-JMCR |
||
| 041 | _aspa | ||
| 082 | 0 | 4 |
_aN _bSTIb |
| 100 | 1 |
_aStilton, Geronimo, _eautor _98224 |
|
| 245 | 1 | 0 |
_aEn busca de la maravilla perdida / _cGeronimo Stilton |
| 260 |
_aBogotá : _bEditorial Planeta, _c©2003 |
||
| 300 |
_a116 páginas : _bilustraciones a color ; _c20 cm. |
||
| 490 | 0 | _aCamaleón | |
| 520 | _aTodo empezó con un café con leche… ¿Un café con leche? Pero ¿qué tiene que ver el café con leche con toda esta historia? Sí, así empezó todo: mi loca pasión por Provoleta, la expedición a la Isla Mariposa en busca de la Octava Maravilla… Una aventura fant | ||
| 650 | 1 | 4 |
_aNovela italiana _9832 |
| 942 |
_2ddc _cBK |
||
| 999 |
_c3529 _d3529 |
||